000 00399nam a22001697a 4500
003 CEME
005 20210628203027.0
008 210128b xxu||||| |||| 00| 0 eng d
020 _a9789693520774
040 _c.
082 _a891.4392 ISH
100 _aIshfaq Ahmad
_9348
245 _aZangeer taaluq ,talqeen shah
260 _aLAHORE
_bSANG-E-MEEL
_c2008
300 _a504P
942 _cBK
_2ddc
999 _c571882
_d571882